| 000 | 00401nam a2200133Ia 4500 | ||
|---|---|---|---|
| 008 | 220217s9999||||xx |||||||||||||| ||und|| | ||
| 020 | _a978-81-203-2401-5 | ||
| 082 | _a621.382 5 RAO | ||
| 100 | _aRao, Raja, K.N | ||
| 245 | 0 | _aFundamentals of satellite communication | |
| 260 |
_aPrentice hall of india _bNew Delhi _c2009 |
||
| 300 |
_aXIV,306p,;28cm _b225 |
||
| 650 | _aSATELLITE COMMUNICATION | ||
| 999 |
_c180498 _d180498 |
||